Library of the University of Algiers 3
Ibrahim Sultan Cheibout
شعار جامعة الجزائر 3
مكتبة جامعة الجزائر 3
إبراهيم سلطان شيبوط

الآثار الاقتصادية الكلية لسياسة الانفاق الحكومي : (رقم التسجيلة. 43723)

تفاصيل مارك
000 -LEADER
fixed length control field 02215nam a2200241Ia 4500
003 - CONTROL NUMBER IDENTIFIER
control field Ost
005 - DATE AND TIME OF LATEST TRANSACTION
control field 20260507075255.0
008 - FIXED-LENGTH DATA ELEMENTS--GENERAL INFORMATION
fixed length control field 260507s9999||||xx |||||||||||||| ||und||
040 ## - CATALOGING SOURCE
Transcribing agency fsecg
041 ## - LANGUAGE CODE
Language code of text/sound track or separate title ara
082 ## - DEWEY DECIMAL CLASSIFICATION NUMBER
Classification number 330
100 ## - MAIN ENTRY--PERSONAL NAME
Personal name عايب، وليد عبد الحميد
Relator term مؤلف
245 #0 - TITLE STATEMENT
Title الآثار الاقتصادية الكلية لسياسة الانفاق الحكومي :
Remainder of title دراسة تطبيقية قياسية لنماذج التنمية الاقتصادية /
Statement of responsibility, etc. وليد عبد الحميد عايب
260 ## - PUBLICATION, DISTRIBUTION, ETC.
Place of publication, distribution, etc. بيروت:
Name of publisher, distributor, etc. مكتبة حسن العصرية,
Date of publication, distribution, etc. 2010
300 ## - PHYSICAL DESCRIPTION
Extent 400 صفحة؛
Other physical details إيضاحات ؛
Dimensions 24 سم
504 ## - BIBLIOGRAPHY, ETC. NOTE
Bibliography, etc. note مراجع ص.392 ؛ ملاحق ص.372 قائمة الاشكال ص.21؛ قائمة الجداول ص.25
520 ## - SUMMARY, ETC.
Summary, etc. دور الدولة في تحقيق الاستقرار الاقتصادي الكلي و الاطار النظري له ، السياسة الاقتصادية كأداة لتحقيق الاستقرار الاقتصادي الكلي و موقع سياسة الانفاق الحكومي من السياسة الاقتصادية ، أثر سياسة الانفاق الحكومي على : التوازن الاقتصادي ، التضخم و الاستقرار الاقتصادي الخارجي ، مراحل تطور السياسة الاقتصادية في الاقتصاد الجزائري : خلال مرحلة الاقتصاد المخطط ، اختلال الاستقرار الاقتصادي الكلي و برنامج الاصلاحات الاقتصادية ، انعكاس السياسة الاقتصادية على الاستقرار الاقتصادي خلال الفترة 1990 ــ 2007 و تطور الانفاق الحكومي خلال هذه الفترة في الجزائر ، تحليل أثر سياسة الانفاق الحكومي على مكونات العرض و الطلب و على مجملات الطلب الكلي و على المستوى العام للأسعار و التوازن الخارجي.
653 ## - INDEX TERM--UNCONTROLLED
Uncontrolled term الاقتصاد
653 ## - INDEX TERM--UNCONTROLLED
Uncontrolled term الاقتصاد الكلي
653 ## - INDEX TERM--UNCONTROLLED
Uncontrolled term التنمية الإقتصادية
653 ## - INDEX TERM--UNCONTROLLED
Uncontrolled term النفقات الحكومية
942 ## - ADDED ENTRY ELEMENTS (KOHA)
Koha item type كتب
المقتنيات
Withdrawn status Lost status Source of classification or shelving scheme Damaged status Not for loan Home library Current library Date acquired Serial enumeration / chronology Inventory number Total checkouts Full call number Barcode Date last seen Price effective from Koha item type
    Dewey Decimal Classification   NOT LOAN / إعارة داخلية مكتبة كلية العلوم الإقتصادية والعلوم التجارية وعلوم التسيير مكتبة كلية العلوم الإقتصادية والعلوم التجارية وعلوم التسيير 07/05/2026 الطابق الأرضي 17952   أ/3712ن1 17952 07/05/2026 07/05/2026 كتب
    Dewey Decimal Classification   Available مكتبة كلية العلوم الإقتصادية والعلوم التجارية وعلوم التسيير مكتبة كلية العلوم الإقتصادية والعلوم التجارية وعلوم التسيير 07/05/2026 الطابق الأرضي 17953   أ/3712ن2 17953 07/05/2026 07/05/2026 كتب
    Dewey Decimal Classification   Available مكتبة كلية العلوم الإقتصادية والعلوم التجارية وعلوم التسيير مكتبة كلية العلوم الإقتصادية والعلوم التجارية وعلوم التسيير 07/05/2026 الطابق الأرضي 17954   أ/3712ن3 17954 07/05/2026 07/05/2026 كتب
    Dewey Decimal Classification   Available مكتبة كلية العلوم الإقتصادية والعلوم التجارية وعلوم التسيير مكتبة كلية العلوم الإقتصادية والعلوم التجارية وعلوم التسيير 07/05/2026 الطابق الثاني 17955   أ/3712ن4 17955 07/05/2026 07/05/2026 كتب
    Dewey Decimal Classification   Available مكتبة كلية العلوم الإقتصادية والعلوم التجارية وعلوم التسيير مكتبة كلية العلوم الإقتصادية والعلوم التجارية وعلوم التسيير 07/05/2026 الطابق الثاني 17956   أ/3712ن5 17956 07/05/2026 07/05/2026 كتب

موارد الويب المفتوحة


© University of Algiers 3 All Rights Reserved
|
Implemented by LECHELAH Riad